Top 5 Filme nach Dekade seit 1960 - Statistiken

Allgemein
  • Dieses Quiz wurde 39 mal gespielt
  • Das Durchschnittsergebnis liegt bei 6 aus 30
Antwortstatistiken
Dekade Film % Korrekt
1970/2000er Star Wars
71%
1980/2010er Star Wars - Das Imperium schlägt zurück
71%
1970/2000er Der Pate
55%
1970/2000er Der Herr der Ringe (1-3)
53%
1970/2000er The Dark Knight
39%
1970/2000er Der Pate 2
32%
1960/1990er Die Verurteilten
29%
1960/1990er Forrest Gump
29%
1980/2010er Inception
29%
1980/2010er Interstellar
26%
1960/1990er Schindlers Liste
21%
1960/1990er Psycho
18%
1960/1990er Fight Club
16%
1960/1990er Pulp Fiction
16%
1980/2010er Parasite
13%
1980/2010er Zurück in die Zukunft
13%
1960/1990er Spiel mir das Lied vom Tod
11%
1970/2000er Chihiros Reise ins Zauberland
5%
1960/1990er Zwei glorreiche Halunken
5%
1970/2000er Alien
3%
1970/2000er Einer flog über das Kuckucksnest
3%
1980/2010er Whiplash
3%
1980/2010er Ziemlich beste Freunde
3%
1980/2010er Cinema Paradiso
0%
1970/2000er City of God
0%
1970/2000er Der Pianist
0%
1980/2010er Die letzten Glühwürmchen
0%
1960/1990er Harakiri
0%
1980/2010er Jäger des verlorenen Schatzes
0%
1960/1990er Zwischen Himmel und Hölle
0%
Keine übereinstimmenden Quizze gefunden
Verteilung der Resultate
Anzahl Personen mit jedem Resultat
Perzentil nach korrekt beantworteten Fragen
Ihre Resultats-Entwicklung
Sie haben dieses Quiz noch nicht gespielt